Tous les personnages du jeu Mario Party Superstars Jamboree - Statistiques

Statistiques générales
  • Ce quiz a été pris 66 fois
    31 depuis la dernière actualisation
  • Le résultat moyen est 18 sur 22
Statistiques - réponses
Numéro Personnages % Correct
1 Mario
100%
13 Bowser
96%
2 Luigi
96%
3 Peach
96%
9 Yoshi
91%
4 Daisy
87%
11 Toad
87%
6 Wario
87%
18 Boo
83%
14 Bowser Jr
83%
8 Donkey Kong
83%
21 Pauline
83%
7 Waluigi
83%
5 Harmonie
78%
22 Ninji
78%
12 Toadette
78%
10 Birdo
70%
16 Koopa
70%
15 Goomba
65%
19 Topi Taupe
61%
17 Maskass
52%
20 Spike
52%
Aucun quiz correspondant
Distribution des résultats
% des personnes avec chaque résultat
Percentile par nombre de réponses
Votre historique - résultats
Vous n’avez pas pris ce quiz depuis la dernière actualisation